000 00352nam a2200157Ia 4500
008 230718s9999 xx 000 0 und d
041 _aeng
082 _a621.388
_bDHA
100 _aDhake A.M.
245 _aTelevision Engineering
260 _c1979
_bTata McGraw Hill
300 _a462
365 _cRs.
700 _aDhake A.M.
906 _cETC
999 _c302923
_d302923